Statistics for Top rated TV shows for each year

Click here to take the quiz!

General Stats

  • This quiz has been taken 33 times
  • The average score is 12 of 42

Answer Stats

HintAnswer% Correct
2001-2002Friends
87%
1997-1998Seinfeld
63%
1994-1995Seinfeld
63%
1990-1991Cheers
53%
1991-199460 Minutes
47%
1982-198360 Minutes
47%
1998-1999ER
43%
1995-1997ER
43%
1983-1984Dallas
40%
1980-1982Dallas
40%
1952-1955I Love Lucy
40%
1956-1957I Love Lucy
40%
1985-1990The Cosby Show
40%
1957-1961Gunsmoke
37%
1971-1976All in the Family
33%
1989-1990Roseanne
33%
2017-2018Roseanne
33%
1984-1985Dynasty
30%
1967-1968The Andy Griffith Show
30%
1964-1967Bonanza
27%
1976-1977Happy Days
27%
2005-2011American Idol
23%
2016-2017Big Bang Theory
23%
2000-2001Survivor
23%
1962-1964The Beverly Hillbillies
23%
1999-2000Who Wants to be a Millionaire
20%
2011-2012Sunday Night Football
17%
2014-2015Sunday Night Football
17%
2018-2020Sunday Night Football
17%
2013-2014Sunday Night Football
17%
2013-2014NCIS
13%
2015-2016NCIS
13%
2020-2021NCIS
13%
2012-2013NCIS
13%
1977-1979Laverne & Shirley
10%
1968-1970Rowan & Martin's Laugh-In
7%
1961-1962Wagon Train
7%
1970-1971Marcus Welby M.D.
3%
1955-1956The $64,000 Question
3%
1951-1952Arthur Godfrey's Talent Scouts
0%
2002-2005CSI: Crime Scene Investigation
0%
1950-1951Texaco Star Theater
0%

Score Distribution

Percentile by Number Answered

Percent of People with Each Score

Your Score History

You have not taken this quiz